000
00311nam a2200121Ia 4500
008
220216s9999 xx 000 0 und d
100
_a
Jacob Jom
245
0
_a
Rubber vipani: Maariya saahacharyangalum maarath dharanakalum
260
_b
Rubber
_c
2015
300
_a
19,21
650
_a
Rubber price
942
_c
JS
999
_c
68113
_d
68113